| 000 | 00324nam a22001217a 4500 | ||
|---|---|---|---|
| 008 | 140101b xxu||||| |||| 00| 0 eng d | ||
| 010 | _a2009034737 | ||
| 020 |
_a9780073375625 _cAvailable |
||
| 050 |
_a547 _b002350 |
||
| 082 | _2Third Ed | ||
| 245 |
_aOrganic Chemistry _cSmith Janice Gorzynski |
||
| 260 |
_aUSA _bMcGraw-Hill _c2008 |
||
| 999 |
_c23686 _d23686 |
||